| LEADER | 00978nam a2200241 u 4500 | ||
|---|---|---|---|
| 001 | 10117085 | ||
| 003 | upatras | ||
| 005 | 20210303073454.0 | ||
| 008 | 150728s2002 gr gre | ||
| 040 | |a GR-PaULI |c GR-PaULI | ||
| 041 | 0 | |a gre | |
| 082 | 1 | 4 | |a 889.434 |2 23 |
| 100 | 1 | |9 145434 |a Ευσταθιάδης, Γιάννης, |d 1946- | |
| 245 | 1 | 0 | |a Το βιβλίο με τις αντιστίξεις |c Γιάννης Ευσταθιάδης |
| 260 | |a [Αθήνα] |b Λέσχη |c 2002 | ||
| 300 | |a 209 σ. |c 26 εκ. | ||
| 504 | |a Ευρετήριο: σ. 193-209 | ||
| 650 | 4 | |a Μουσική |9 2478 | |
| 852 | |a GR-PaULI |b ΠΑΤΡΑ |b ΒΚΠ |b ΔΩΡ |k ΑΣΧΕ |h 889.434 ΕΥΣ |m 126210 |p 025000244964 |t 1 |g ΒΑΛ | ||
| 942 | |2 ddc |c BK15 | ||
| 952 | |0 0 |1 0 |2 ddc |4 0 |6 889_434000000000000_ΕΥΣ |7 0 |8 FIC |9 182236 |a LISP |b LISP |c DON |d 2016-04-24 |e ΒΑΛ |i 126210 |l 0 |o 889.434 ΕΥΣ |p 025000244964 |r 2016-04-24 00:00:00 |t 1 |w 2016-04-24 |y BK15 | ||
| 998 | |c ΓΚΟΓΚΟΥ |d 2015-07 | ||
| 999 | |c 112519 |d 112519 | ||